75 najlepszych reprezentacji według rankingu FIFA - Statystyki

Ogólne statystyki
  • Ten quiz został rozwiązany 702 razy
  • Średni wynik to 58 z 75
Statystyki odpowiedzi
Pozycja Reprezentacja % Poprawnych
3 Brazylia
99%
2 Francja
98%
19 Polska
98%
9 Argentyna
97%
1 Belgia
97%
8 Hiszpania
97%
7 Portugalia
97%
15 Niemcy
96%
38 Rosja
96%
4 Anglia
95%
22 Stany Zjednoczone
95%
11 Meksyk
93%
18 Szwecja
93%
13 Włochy
93%
14 Holandia
92%
28 Japonia
92%
45 Czechy
91%
44 Norwegia
91%
24 Ukraina
91%
6 Chorwacja
90%
58 Finlandia
89%
12 Szwajcaria
89%
16 Dania
88%
51 Egipt
88%
73 Kanada
88%
5 Urugwaj
88%
42 Australia
87%
54 Grecja
86%
34 Irlandia
86%
10 Kolumbia
86%
32 Słowacja
86%
26 Austria
85%
17 Chile
85%
20 Senegal
85%
40 Korea Południowa
83%
29 Turcja
83%
64 Słowenia
82%
43 Maroko
81%
37 Rumunia
80%
30 Serbia
80%
21 Peru
79%
72 Republika Południowej Afryki
79%
50 Szkocja
79%
52 Węgry
79%
67 Arabia Saudyjska
78%
23 Walia
78%
33 Iran
76%
39 Islandia
76%
60 Bułgaria
74%
35 Algieria
72%
63 Ekwador
72%
66 Albania
70%
41 Paragwaj
70%
25 Wenezuela
70%
75 Boliwia
69%
49 Bośnia i Hercegowina
69%
31 Nigeria
68%
46 Kostaryka
67%
27 Tunezja
67%
70 Irak
66%
53 Kamerun
66%
68 Macedonia Północna
64%
36 Irlandia Północna
63%
65 Czarnogóra
62%
47 Ghana
62%
55 Katar
60%
61 Wybrzeże Kości Słoniowej
58%
62 Honduras
51%
48 Jamajka
46%
71 Zjednoczone Emiraty Arabskie
46%
56 Mali
41%
57 Demokratyczna Republika Konga
36%
74 Gwinea
35%
69 Salwador
29%
59 Burkina Faso
24%
Nie znaleziono quizów pasujących do podanych kryteriów
Rozkład punktacji
Procent ludzi z każdym wynikiem
Percentyl według liczby udzielonych odpowiedzi
Twoja historia wyników
Nie rozwiązałeś tego quizu